Mistrzostwa Świata 2002 - Statystyki

Ogólne statystyki
  • Ten quiz został rozwiązany 249 razy
  • Średni wynik to 8 z 22
Statystyki odpowiedzi
Pozycja Brazylia % Poprawnych
N Ronaldo
94%
ŚPO Ronaldinho
92%
BR Oliver Kahn
83%
N Miroslav Klose
82%
LO Roberto Carlos
80%
ŚPO Rivaldo
79%
PO Cafu
78%
ŚO Lucio
48%
ŚPD Gilberto Silva
29%
BR Marcos
22%
ŚO Roque Junior
21%
PP Torsten Frings
20%
ŚO Christoph Metzelder
18%
N Oliver Neuville
17%
ŚO Edmilson
15%
ŚP Bernd Schneider
14%
ŚPD Kleberson
14%
ŚP Dietmar Hamann
9%
ŚO Thomas Linke
9%
ŚO Carsten Ramelow
7%
LP Marco Bode
6%
ŚP Jens Jeremies
5%
Nie znaleziono quizów pasujących do podanych kryteriów
Rozkład punktacji
Procent ludzi z każdym wynikiem
Percentyl według liczby udzielonych odpowiedzi
Twoja historia wyników
Nie rozwiązałeś tego quizu